000 01099 a2200301 4500
005 20080826152110.0
008 080826t xxu||||| |||| 00| 0 eng d
010 _aENG-91138
020 _a9780070080713
_c395.00
035 _aEN-74671
037 _bDBAD / PUB
040 _aDPL
_bEnglish
082 _a658.4092
100 _aHughes, Richard L.
245 _aLeadership:
_cby Richard L. Hughes, Robert C. Ginnett [and] Gordon J. Curphy
_benhancing the lessons of experience /
250 _a6th ed
260 _aNew Delhi
_bTata McGraw-Hill Publishing
_c2008
270 _a7 West Patel Nagar
_bNew Delhi
_e110008
300 _axvi, 591 p.:
_c24 cm (pbk)
_bill.
500 _aincludes index
650 _aManagement
650 _aLeadership
650 _aExecutive ability.
700 _aGinnett, Robert C.
700 _aCurphy, Gordon J.
942 _adpl
_cEN
_2ddc
_h658.4092
_mHUG
999 _c16238
_d16238